Ocean currents

Guardado en:
Detalles Bibliográficos
Autor principal: Neumann, Gerhard (Autor)
Formato: Libro
Lenguaje:inglés
Publicado: Amsterdam Elsevier 1968
Colección:Elsevier oceanography series, 4
Materias:
Etiquetas: Agregar Etiqueta
Sin Etiquetas, Sea el primero en etiquetar este registro!

MARC

LEADER 00000nam a2200000 a 4500
001 UCV5143
003 CL-VaPUC
008 920729e19680000NE |||||||||||||||||eng|d
082 0 4 |a 551.4701  |b NEU  |2 21 
100 |a Neumann, Gerhard  |e author  |9 332213 
245 1 0 |a Ocean currents 
300 |a 352 p 
942 |c BK 
945 |d 19920729 00:00:00 
260 |a Amsterdam  |b Elsevier  |c 1968 
650 7 |a CORRIENTES MARITIMAS  |2 CL-VaPUC  |9 261164 
583 |a last modification  |c 19920729 00:00:00  |k Rodrigo Vera 
490 0 |a Elsevier oceanography series, 4 
999 |c 211734  |d 211732 
952 |0 0  |1 0  |4 0  |6 551_470100000000000_NEU_1968  |7 0  |8 CCM  |9 191611  |a BIBCUR  |b BIBCUR  |d 2019-11-14  |i 2591545  |o 551.4701 NEU 1968  |p 2591545  |r 2025-04-22  |w 2019-11-14  |y BK  |k CIM 
952 |0 0  |1 0  |2 ddc  |4 0  |6 551_470100000000000_NEU_1968  |7 0  |8 CCM  |9 191612  |a BIBCUR  |b BIBCUR  |c PAC  |d 2019-11-14  |i 2591553  |o 551.4701 NEU 1968  |p 2591553  |r 2025-04-22  |w 2019-11-14  |y BK  |k CIM